Navigácia bezpilotného lietajúceho prostriedku v prostredí bez využitia GPS signálu

Na minha lista:
Detalhes bibliográficos
Autor principal: Babej, Radoslav (Author)
Outros Autores: Habara, Marek (Thesis advisor)
Formato: Manuscrito Livro
Idioma:eslovaco
Publicado em: 2024
Assuntos:
Acesso em linha:http://is.stuba.sk/zp/portal_zp.pl?podrobnosti=185656
Tags: Adicionar Tag
Sem tags, seja o primeiro a adicionar uma tag!

MARC

LEADER 00000ntm a22000003a 4500
001 stuzp97212
003 SK-STU
005 20250304102740.9
007 ta
008 150427s2015----xo-----f-mn---000-0-slo-d
040 |a STU  |b slo 
041 0 |a slo 
100 1 |a Babej, Radoslav  |u 020020  |4 aut  |U SjF Strojnícka fakulta  |T SjF Ústav automatizácie, informatizácie a merania  |X 105478  |U J0020  |Y 802  |7 105478 
242 0 1 |a Unmanned aerial vehicle navigation in GPS denied environment  |y eng 
245 1 0 |a Navigácia bezpilotného lietajúceho prostriedku v prostredí bez využitia GPS signálu 
260 |c 2024 
650 4 |a Bezpilotné lietajúce prostriedky (UAV)  |2 slo 
650 4 |a Navigácia bez GPS  |2 slo 
650 4 |a Termálne ArUco značky  |2 slo 
650 4 |a Termálne kamery  |2 slo 
650 4 |a Stabilizácia polohy  |2 slo 
650 4 |a Unmanned Aerial Vehicles (UAV)  |2 eng 
650 4 |a Navigation without GPS  |2 eng 
650 4 |a Thermal Cameras  |2 eng 
650 4 |a Position Stabilization  |2 eng 
650 4 |a Thermal ArUco Markers  |2 eng 
700 1 |a Habara, Marek  |u 020020  |k Z3  |4 ths  |U SjF Strojnícka fakulta  |T SjF Ústav automatizácie, informatizácie a merania  |X 87297  |U J0020  |Y 802  |7 87297 
856 4 |u http://is.stuba.sk/zp/portal_zp.pl?podrobnosti=185656 
996 |b 284J047746  |c J* 3836/DBP  |l JJSK  |s A  |a 24  |w stuzp97212_0001